000 00439nam a2200169Ia 4500
005 20250326124440.0
008 250326s9999 xx 000 0 und d
037 _aTextbook
040 _aFMSL
_beng
_cFMSL
041 _aeng
_2eng
084 _aX:8Dg L0
_qFMSL
245 0 _aFicial handbook
260 _aNasik
_bNasik, Manger Govt. Of India
_c1970
300 _a655p
942 _cTB
_hX:8Dg L0
999 _c1273742
_d1273742